Guess the Oceania City by Picture - Statistics

General Stats
  • This quiz has been taken 28 times
  • The average score is 6 of 20
Answer Stats
Picture Answer % Correct
Auckland
88%
Melbourne
88%
Wellington
75%
Brisbane
58%
Christchurch
46%
Ngerulmud
33%
Nuku'alofa
29%
Port Vila
29%
Adelaide
25%
Apia
25%
Majuro
25%
Palikir
17%
Port Moresby
17%
Honiara
13%
Suva
13%
Papeete
8%
Avarua
4%
Noumea
4%
Tarawa
4%
Alofi
0%
No matching quizzes found
Score Distribution
Percent of People with Each Score
Percentile by Number Answered
Your Score History
You have not taken this quiz